00166nam a2200073 4500001000800000005001700008245003900025260002800064125758220260217105221.0 aökkeş maçtacmuzaffer izgü bözyürek yayınları